MARC

Tag First Indicator Second Indicator Subfields
LEADER 00000cas a2200000 a 4500
001 in00002784045
005 20151202172131.0
006 m o d
007 cr |||||||||||
008 081009c19209999le ar oo o 0 0fre c
010 |a  2008234571 
016 7 |a 990775739  |2 DE-101 
016 7 |a 2457451-X  |2 DE-600 
019 |a 276948483 
022 |y 0039-7946 
029 1 |a AU@  |b 000043711877 
029 1 |a NZ1  |b 12691122 
029 1 |a NZ1  |b 12693121 
029 1 |a GWDNB  |b 990775739 
035 |a (OCoLC)ocn261344575 
035 |a (OCoLC)261344575  |z (OCoLC)276948483 
040 |a EYM  |b eng  |c EYM  |d EYM  |d HUL  |d MYG  |d OCLCA  |d OCLCQ  |d GWDNB  |d OCLCQ  |d TXA  |d UtOrBLW 
041 0 |a fre  |a eng 
042 |a pcc 
043 |a a-sy---  |a aw-----  |a a------ 
049 |a TXAM 
050 1 4 |a DS94.5  |b .S8 Electronic 
245 0 0 |a Syria. 
264 1 |a Paris :  |b Librairie Paul Geuthner,  |c 1920- 
310 |a Annual,  |b 1996- 
321 |a 4 no. a year,  |b 1920-1995 
336 |a text  |b txt  |2 rdacontent 
337 |a computer  |b c  |2 rdamedia 
338 |a online resource  |b cr  |2 rdacarrier 
362 1 |a Began with: T. 1, fasc. 1 (1920). 
500 |a "Revue d'art oriental et d'archéologie." 
500 |a Published: Beyrouth : IFAPO, 1996- 
500 |a Editors: 1920-34, E. Pottier, R. Dussaud (with G. Migeon, 1920-30); 1934-58, R. Dussaud. 
546 |a In French and English. 
550 |a Issued under the patronage of the Haut-Commissaire de la République française en Syrie, 1920-1943; issued by the Institut français d'archéologie de Beyrouth, 1944-1977; by the Institut français d'archéologie du Proche-Orient, 1978-2001; by the Institut français du Proche-Orient, 2002- 
588 |a Description based on: T. 1, fasc. 1 (1920); title from cover (JSTOR, viewed Oct. 9, 2008). 
588 |a Latest issue consulted: Vol. 79 (2002) (JSTOR, viewed Oct. 9, 2008). 
500 |a Electronic resource. 
651 0 |a Syria  |x Antiquities  |v Periodicals. 
650 0 |a Art  |z Syria  |v Periodicals. 
650 0 |a Archaeology  |z Middle East  |v Periodicals. 
650 0 |a Art, Asian  |v Periodicals. 
700 1 |a Pottier, Edmond,  |d 1855-1934. 
700 1 |a Dussaud, René,  |d 1868- 
700 1 |a Migeon, Gaston,  |d 1861-1930. 
710 2 |a Haut Commissariat de la République française en Syrie et au Liban. 
710 2 |a Institut français d'archéologie de Beyrouth. 
710 2 |a Institut français d'archéologie du Proche-Orient. 
710 2 |a Institut français du Proche-Orient. 
776 0 8 |i Print version:  |t Syria (Paris, France)  |x 0039-7946  |w (DLC) 36001381  |w (OCoLC)998956 
948 |a cataloged  |b h  |c 2012/12/18  |d c  |e spoltoratski  |f 1:10:10 pm  |g sc 
994 |a C0  |b TXA 
999 |a MARS 
999 f f |s 56b31f5a-42ed-3feb-84f1-8429671d211d  |i 40e35679-fb92-3ca1-bf5f-ec4952ec72f2  |t 0 
952 f f |a Texas A&M University  |b College Station  |c Electronic Resources  |d Available Online  |t 0  |e DS94.5 .S8  |g Electronic  |h Library of Congress classification 
998 f f |a DS94.5 .S8  |t 0  |l Available Online